书目信息 |
| 题名: |
汞的环境生物无机化学
|
|
| 作者: | 李玉锋 , 商立海 , 赵甲亭 著 | |
| 分册: | ||
| 出版信息: | 北京 科学出版社 2018.04 |
|
| 页数: | xiii, 329页 | |
| 开本: | 24cm | |
| 丛书名: | 现代化学基础丛书 | |
| 单 册: | ||
| 中图分类: | O614.24 | |
| 科图分类: | ||
| 主题词: | 汞--gong--生物地球化学--研究 | |
| 电子资源: | ||
| ISBN: | 978-7-03-056826-7 | |
| 000 | 01446nam 2200325 450 | |
| 001 | 0100011270 | |
| 005 | 20190905093952.0 | |
| 010 | @a978-7-03-056826-7@dCNY128.00 | |
| 099 | @aCAL 012018050718 | |
| 100 | @a20190904d2018 em y0chiy50 ea | |
| 101 | 0 | @achi |
| 102 | @aCN@b110000 | |
| 105 | @aak a 000yy | |
| 106 | @ar | |
| 200 | 1 | @a汞的环境生物无机化学@Agong de huan jing sheng wu wu ji hua xue@f李玉锋 ... [等] 著 |
| 210 | @a北京@c科学出版社@d2018.04 | |
| 215 | @axiii, 329页@c图@d24cm | |
| 225 | 2 | @a现代化学基础丛书@Axian dai hua xue ji chu cong shu |
| 312 | @a英文题名取自封面 | |
| 320 | @a有书目 | |
| 330 | @a汞的环境生物无机化学是一门综合利用生物学、化学、环境科学、物理学、地球科学和医学等学科的有关原理和概念、理论及方法, 研究汞对生命与环境的影响及其内在联系的交叉学科。本书分为上、下两篇, 共十四章。上篇介绍了汞的性质与用途, 汞的生物地球化学循环, 汞对人体、动物及植物的毒性及机制, 汞、硒相互作用, 汞的分析方法(特别是同位素标记技术、同步辐射技术及纳米技术等)及汞污染土壤修复技术等内容 ; 下篇总结了我国环境中汞污染现状、我国人体及膳食中汞含量现状。 | |
| 410 | 0 | @12001 @a现代化学基础丛书 |
| 510 | 1 | @aEnvironmental bioinorganic chemistry of mercury@zeng |
| 606 | 0 | @a汞@Agong@x生物地球化学@x研究 |
| 690 | @aO614.24@v5 | |
| 701 | 0 | @a李玉锋@Ali yu feng@4著 |
| 701 | 0 | @a商立海@Ashang li hai@4著 |
| 701 | 0 | @a赵甲亭@Azhao jia ting@4著 |
| 801 | 0 | @aCN@c20190905 |
| 905 | @a河南城建学院图书馆@dO614.24@eL321 | |
| 汞的环境生物无机化学/李玉锋 ... [等] 著.-北京:科学出版社,2018.04 |
| xiii, 329页:图;24cm.-(现代化学基础丛书) |
| ISBN 978-7-03-056826-7:CNY128.00 |
| 汞的环境生物无机化学是一门综合利用生物学、化学、环境科学、物理学、地球科学和医学等学科的有关原理和概念、理论及方法, 研究汞对生命与环境的影响及其内在联系的交叉学科。本书分为上、下两篇, 共十四章。上篇介绍了汞的性质与用途, 汞的生物地球化学循环, 汞对人体、动物及植物的毒性及机制, 汞、硒相互作用, 汞的分析方法(特别是同位素标记技术、同步辐射技术及纳米技术等)及汞污染土壤修复技术等内容 ; 下篇总结了我国环境中汞污染现状、我国人体及膳食中汞含量现状。 |
| ● |
| 相关链接 |
|
|
|
正题名:汞的环境生物无机化学
索取号:O614.24/L321
 
预约/预借
| 序号 | 登录号 | 条形码 | 馆藏地/架位号 | 状态 | 备注 |
| 1 | 1439627 | 214396278 | 自科库401/401自科库 62排2列2层/ [索取号:O614.24/L321] | 在馆 |